| 000 | 00901nam a2200265Ia 4500 | ||
|---|---|---|---|
| 003 | GCL | ||
| 005 | 20240530101859.0 | ||
| 008 | 140319s9999 xx 000 0 ara d | ||
| 040 |
_aGCL / _cGCL |
||
| 082 | 0 | 4 |
_a346.04 / _bف ا |
| 100 | 1 | _aفرج علوانى هليل | |
| 245 | 1 | 0 |
_aالايجار الزراعى ومنازعاتة وحماية الاراضى الزراعية / _cفرج علوانى هليل |
| 260 |
_a[ الاسكندرية ] : _bدار المطبوعات الجامعية ، _c1993 |
||
| 300 | _a422 ص | ||
| 650 | 0 | 4 | _aالقانون |
| 650 | 0 | 4 | _aمصر |
| 650 | 0 | 4 | _aالايجارات |
| 650 | 0 | 4 | _aالاصلاح الزراعى |
| 650 | 0 | 4 | _aالقانون الزراعى |
| 650 | 0 | 4 | _aعقود العمل |
| 650 | 0 | 4 | _aالائتمان الزراعى |
| 650 | 0 | 4 | _aالاراضى الزراعية |
| 650 | 0 | 4 | _aالرهن الزراعى |
| 942 |
_2ddc _cBK |
||
| 999 |
_c28420 _d28420 |
||